000
00263nam a2200109Ia 4500
008
190722s9999 xx 000 0 und d
100
_a
Dr.P.S.Bimbhra
245
0
_a
Electrical Machinery
260
_a
New Delhi
_b
Khanna Publishers
_c
2014
300
_a
1100
942
_c
BK
999
_c
88
_d
88